| 000 | 00949nac a22002897a 4500 | ||
|---|---|---|---|
| 001 | BR8201986 | ||
| 003 | BR-BrBNA | ||
| 005 | 20240105115301.0 | ||
| 008 | 230509b bl.|||m| |||| 00| 0 por d | ||
| 040 |
_aBR-BrBNA _bpor _cBiblioteca Nacional de Agricultura |
||
| 072 | _aE15; N20 | ||
| 090 | _a4545 BR8201986 | ||
| 100 | 1 | _aRoessing, A.C. | |
| 110 | 1 |
_aCentro Nacional de Pesquisa de Soja, Londrina, PR (Brasil) _91793 |
|
| 245 | 1 | _aTamanho otimo de propriedade para aquisicao de colhedeira de soja [propriedade rural, custo, orcamento] | |
| 260 | 3 |
_aLondrina, PR (Brasil): _c1982. |
|
| 300 | _a7 p. | ||
| 490 |
_aComunicado Tecnico - Centro Nacional de Pesquisa de Soja (Brazil) _vno. 14 _xISSN 0100-6606 |
||
| 650 | _aPROPRIEDADE RURAL | ||
| 650 | _aCOLHEITADEIRA | ||
| 650 | _aCUSTO | ||
| 650 | _aORCAMENTO | ||
| 650 | _aRECEITA | ||
| 650 | _aCOMPRA | ||
| 909 |
_a202312 _bLúcia Elande _c55 _dLúcia Elande |
||
| 942 |
_2AGRIS _n0 _cMS |
||
| 999 |
_c274066 _d274066 |
||